| 000 | 00770nam a22001337a 4500 | ||
|---|---|---|---|
| 040 | _cNUST | ||
| 082 | _a370.114,RAS | ||
| 100 | _aRashid, Saeed | ||
| 245 |
_aLight A Candle / _cSaeed Rashid |
||
| 260 |
_aislamabad _bSltana Foundation _c1997 |
||
| 300 | _a250 p,; | ||
| 505 | _aPart-1: A, is for Allah (Page-25), Part-2: All Praise is for Allah (Page-35), Part-3: O Lord, I Pray to you to you Alone (Page-49), Part-4:In Praise of Allah (Page-91), Part-5: Sura-e-Fateha (English Version) (Page-107), Part-6: School Functions (Page-133), Part-7: Inspiration (Page-155), Part-8: Pakistaniat (Page-165), Part-9: Declamations and Debates (Exercise in Public Speaking) (Page-179), Part-10 Creative Education (Page-191_, Appendices (Page-245). | ||
| 942 |
_2ddc _cBK _k370.114,RAS |
||
| 999 |
_c592891 _d592891 |
||